000 00602nam a2200193Ia 4500
008 090124s9999 xx 000 0 und d
082 _b20546
100 _aअदवंत म. ना.
245 _a हरिभाऊ : विविध दर्शन
250 _a1
260 _c1964
300 _a297
600 _aअदवंत म. ना.
630 _a हरिभाऊ : विविध दर्शन
700 _aअदवंत म. ना.
700 _aअदवंत म. ना.
730 _a हरिभाऊ : विविध दर्शन
942 _cBOOK
999 _c134372
_d134372